000 00614nam a2200229Ia 4500
003 OSt
005 20220918174212.0
006 a|||||r|||| 00| 0
007 ta
008 220917b |||||||| |||| 00| 0 eng d
024 _a10,988
037 _cTextual
040 _aARTS
_cARTS
_beng
041 _2eng
_aeng
082 _aV46:1:B, K5-;1 Y17D
100 _aBottero Jean ed
_949466
245 0 _aNear East
_b The early civilizations tr by R F Tannenbaum
260 _c1962
650 _aHISTORY
942 _hV46:1:B, K5-;1 Y17D
_cTEXL
_2CC
999 _c152187
_d152187